000 00357nam a2200145Ia 4500
008 230917s9999||||xx |||||||||||||| ||und||
040 _e57226
_aMAIN
041 _aEnglish
082 _a822.33 S15H:S
100 _aHunter, G K, ed
245 0 _aShakespeare : Henry 4, part 1and 2
260 _aLondon
_bMacmillan
_c1977
300 _a251 p.
942 _cBK
999 _c172881
_d172881